Program záchrany kamzíka vrchovského tatranského

Bibliographic Details
Main Author: Švajda, Juraj, 1975- (Author)
Format: Article
Language:Slovak
ISSN:1335-1737
Subjects:

MARC

LEADER 00000nab a2200000 a 4500
001 vtls000861369
003 SK-MaSNL
005 20260304104720.0
008 250429c2003 xo 0 slo
015 |a SNBRB2004/02-03737 
035 |a CLN000212965 
035 |a urn:nbn:sk:snk-aba0yw 
035 |a (urnnbn)urn:nbn:sk:snk:ar-a0986r 
035 |a (uuid)0b7c856c-f5b1-4d93-951d-14ba1b99457e 
040 |a SNKBUCL  |b slo  |c SNKBUCL  |e AACR2 
041 0 |a slo 
044 |a xo  |c SK 
080 |a 599.735.52(437.6):502.743  |2 1997 
080 |a 502.4(437.6)  |2 1997 
080 |a 502.743(437.6)  |2 1997 
080 |a 639.111.2(437.6):502.4  |2 1997 
100 1 |a Švajda, Juraj,  |d 1975-  |4 aut  |9 261867 
245 1 0 |a Program záchrany kamzíka vrchovského tatranského  |c J. Švajda 
504 |a Bibliogr. odkazy 
650 0 7 |a kamzík vrchovský tatranský  |2 snkbucl  |9 29397 
651 7 |a Tatranský národný park (Slovensko)  |2 snkbucl  |9 106968 
655 7 |a články z novín a časopisov  |2 snkbucl  |9 267496 
773 0 |t Chránené územia Slovenska  |g Č. 57 (2003), s. 24-25  |x 1335-1737 
850 |a Slovenská národná knižnica 
852 |a Slovenská národná knižnica 
954 |a odborná, vedecká literatúra pôvodná (slovenská)  |2 lita 
958 |a article13 
958 |a SK 
958 |a OND 
958 |a EUIPO 
992 |a RBX 
999 |c 2852639  |d 2854569